| 000 | 01224nam a22002897i 4500 | ||
|---|---|---|---|
| 999 |
_c23362 _d23362 |
||
| 003 | AR-CdUCM | ||
| 008 | 250818b20192019 pe||||| |||| 00| 0 spa d | ||
| 040 |
_aMUNICIPALIDAD PROVINCIAL DEL CUSCO _cBIBLIOTECA MUNICIPAL DEL CUSCO |
||
| 041 | _hspa | ||
| 082 |
_a371.36 / Z47 _bZ47 |
||
| 100 |
_aZavala Herrera, Mauro _951584 |
||
| 245 |
_aNuestra diversidad e identidad cultural en las buenas prácticas docentes : _bApu Ausangate - Tinke |
||
| 260 |
_aUrcos-Cusco : _bAutores-editores _c2019 |
||
| 300 |
_a92 páginas. : _c30x21 cm. |
||
| 505 | _a Los pasacalles escolares -- Fortalecimiento de los derechos sexuales en los estudiantes -- Los mitos en el proceso del aprendizaje -- Estrategias escolares municipales -- El habito por la lectura me ayuda a mejorar | ||
| 650 |
_aRecuperación de valores _951370 |
||
| 650 |
_aDerechos sexuales _925104 |
||
| 650 |
_aJornada escolar completa _951371 |
||
| 650 |
_aFotalecimiento de capacidades _951372 |
||
| 650 |
_aAjedrez _93993 |
||
| 700 |
_aSancho Oblitas, Fernando _951373 |
||
| 700 |
_aChalco Conza, Miguel _951374 |
||
| 700 |
_aPomalaza Cuba, Alex Fabio _951375 |
||
| 700 |
_aHonor Barrios, Norma _951376 |
||
| 942 |
_2ddc _cLIBROS |
||
| 945 |
_apbjr _d18-08-2025 |
||